K forme neurčitku od slovesa strežiem

Bibliographic Details
Main Author: Ondruš, Šimon, 1924-2011 (Author)
Format: Article
Language:Slovak
Subjects:

MARC

LEADER 00000nab a2200000 a 4500
001 vtls009154601
003 SK-MaSNL
005 20260304160346.0
008 250507c1958 xo |||||| | ||00 b|slo
015 |a SNBRB2007/10  |2 snkbucl 
035 |a (uuid)eb902080-27be-4485-9ea7-1c2f15b8d390 
035 |a urn:nbn:sk:snk-abc2cg 
035 |a (urnnbn)urn:nbn:sk:snk:ar-002sg5 
038 |a SNKBUCL 
040 |a SNKBUCL  |b slo  |c SNKBUCL  |e AACR2 
041 0 |a slo 
044 |a xo  |c SK 
080 |a 811.162.4`367.625.41  |2 1997 
080 |a 81`367.625.41:811.162.4  |2 1997 
100 1 |a Ondruš, Šimon,  |d 1924-2011  |4 aut  |9 170117 
245 1 0 |a K forme neurčitku od slovesa strežiem  |c Šimon Ondruš 
650 0 7 |a slovenčina  |2 snkbucl  |9 1350 
650 0 7 |a slovesá  |2 snkbucl  |9 1325 
650 0 7 |a infinitív  |2 snkbucl  |9 107573 
773 0 |t Slovenská reč  |g Roč. XXIII, č. 4 (1958), s. 230-232 
850 |a Slovenská národná knižnica 
852 |a Slovenská národná knižnica 
954 |a odborná, vedecká literatúra pôvodná (slovenská)  |2 lita 
958 |a article15 
958 |a OND 
958 |a EUIPO 
999 |c 2966773  |d 2968703